Arabština pro začátečníky /

Hlavní autor: Kassem, Ali
Korporativní autor: Univerzita Palackého. Centrum judaistických studií Kurta a Ursuly Schubertových
Jazyk: Arabština
Čeština
Vydáno: V Olomouci : Univerzita Palackého, 2013
Vydání: 1. vyd.
Edice: Skripta
Témata:
Fyzický popis: 74 s. ; 29 cm
Knihy
Uloženo v:
LEADER 01634nam a2200433 a 4500
001 nkc20132528488
003 CZ PrNK
005 20140121083625.0
007 ta
008 131203s2013 xr e p 000 0 cze
015 |a cnb002528488 
020 |a 978-80-244-3635-7  |q (brož.) :  |c neprodejné 
035 |a (OCoLC)870288299 
040 |a OLA001  |b cze 
041 0 |a cze  |a ara 
072 7 |a 811.41  |x Afroasijské (hamitosemitské) jazyky  |2 Konspekt  |9 11 
072 7 |a 37.016  |x Učební osnovy. Vyučovací předměty. Učebnice  |2 Konspekt  |9 22 
080 |a 811.411.21  |2 MRF 
080 |a (075.8)  |2 MRF 
100 1 |a Kassem, Ali  |7 jo2013800713  |4 aut 
245 1 0 |a Arabština pro začátečníky /  |c Ali Kassem 
250 |a 1. vyd. 
260 |a V Olomouci :  |b Univerzita Palackého,  |c 2013 
300 |a 74 s. ;  |c 29 cm 
490 1 |a Skripta 
500 |a Na zadní s. obálky: Centrum judaistických studií Kurta a Ursuly Schubertových 
504 |a Obsahuje bibliografii 
521 8 |a Určeno pro prezenční studium studijního programu Judaistika: dějiny a kultura Židů 
650 0 7 |a arabština  |7 ph118564  |2 czenas 
650 0 9 |a Arabic language  |2 eczenas 
655 7 |a učebnice vysokých škol  |7 fd133772  |2 czenas 
655 9 |a textbooks (higher)  |2 eczenas 
710 2 |a Univerzita Palackého.  |b Centrum judaistických studií Kurta a Ursuly Schubertových  |7 ko2010600495 
810 2 |a Univerzita Palackého.  |t Skripta  |0 s 
910 2 |a BOA001  |b 4-1314.995 
990 |a BK 
995 |a 01 
991 |b 201312  |c NOV  |e n 
996 6 |b 2610573218  |c 4-1314.995  |l MZK  |r Sklad / do 1 hodiny  |n 11  |p p.v.  |w 001387939  |u 000010  |a 1  |e BOA001  |j MZK50  |s P